MARC

LEADER 00000nas a2200000 a 4500
001 ssj0012586
003 WaSeSS
005 20200512172242.0
006 m d
007 cr n
008 000504c19979999dcumr pss 0 a0eng c
010 |a  2008212644 
022 |a 1938-3819  |l 1091-0808  |y 1091-0808 
035 |a (WaSeSS)ssj0012586 
037 |b Special Libraries Association, 1700 18th St., NW, Washington, DC 20009-2514 
040 |a HNK  |b eng  |c HNK  |d OCLCQ  |d UV0  |d NSD  |d LGG  |d OCLCQ  |d CUS  |d OCLCF  |d OCLCO  |d OCLCQ  |d VT2  |d WaSeSS 
042 |a nsdp  |a pcc 
043 |a n-us--- 
050 1 4 |a Z675.A2  |b I54 
082 0 0 |a 026/.000973  |2 21 
130 0 |a Information outlook (Online) 
222 0 |a Information outlook  |b (Online) 
245 1 0 |a Information outlook  |h [electronic resource]. 
260 |a Washington, D.C. :  |b Special Libraries Association 
310 |a Monthly 
362 0 |a Vol. 1, no. 1 (Jan. 1997)- 
506 |a License restrictions may limit access. 
538 |a Mode of access: World Wide Web. 
588 |a Description based on: Vol. 1, no. 1 (Jan. 1997); title from title information screen (SLA Web site, viewed May 3, 2000). 
588 |a Latest issue consulted: Vol. 17, no. 1 (Jan./Feb. 2013) (viewed February 25, 2013). 
650 0 |a Special libraries  |z United States  |v Periodicals. 
650 0 |a Libraries  |v Periodicals. 
650 7 |a Libraries.  |2 fast  |0 (OCoLC)fst00997341 
650 7 |a Special libraries.  |2 fast  |0 (OCoLC)fst01128953 
651 7 |a United States.  |2 fast  |0 (OCoLC)fst01204155 
655 0 |a Electronic journals. 
710 2 |a Special Libraries Association. 
776 0 8 |i Print version, 1997-2012:  |t Information outlook  |x 1091-0808  |w (DLC) 97652817  |w (OCoLC)35645310 
856 4 0 |z Full text available from Research Library: 01/01/1997 to 11/30/2012  |u https://search.proquest.com/publication/34003 
856 4 0 |z Full text available from Research Library: 01/01/2013 to present  |u https://search.proquest.com/publication/2028862